It looks like you're offline.
Open Library logo
additional options menu

MARC Record from Library of Congress

Record ID marc_loc_2016/BooksAll.2016.part41.utf8:181377681:1024
Source Library of Congress
Download Link /show-records/marc_loc_2016/BooksAll.2016.part41.utf8:181377681:1024?format=raw

LEADER: 01024cam a2200301 i 4500
001 2014027636
003 DLC
005 20150623082406.0
008 140731s2014 nyu j 000 1 eng
010 $a 2014027636
020 $a9780316256346 (hardcover)
040 $aDLC$beng$cDLC$erda$dDLC
042 $apcc
050 00 $aPZ7.7.I673$bIr 2014
082 00 $a741.5/973$223
100 1 $aIrvine, Alexander$q(Alexander C.)
245 10 $aIron Man /$cadapted by Alex Irvine.
250 $aFirst edition.
264 1 $aNew York ;$aBoston :$bLittle, Brown Company,$c2014.
300 $a247 pages ;$c21 cm.
336 $atext$btxt$2rdacontent
337 $aunmediated$bn$2rdamedia
338 $avolume$bnc$2rdacarrier
490 0 $aMarvel cinematic universe. Phase one
500 $a"Iron Man. Based on the screenplay by Mark Fergus & Hawk Ostby and Art Marcum & Matt Holloway."
500 $a"Iron Man 2. Based on the screenplay by Justin Theroux."
730 0 $aIron Man (Motion picture)
730 0 $aIron Man 2 (Motion picture)